000 00472nam a2200169Ia 4500
008 230711s9999||||xx |||||||||||||| ||und||
020 _a81-7813-186-2
041 _aENG
082 _a720
_bKA-I
100 _aKasu,Ahmed A
245 0 _aInterior design: an introduction to art, craft, science, techniques and profession of interior design
250 _a5th . Ed.
260 _c2012
_aMumbai
_bAshish Book Centre
300 _a701
650 _aArchitecture
942 _cBK
999 _c5667
_d5667